| 000 | 00971naa a2200241 4500 | ||
|---|---|---|---|
| 001 | 45627 | ||
| 003 | ES-MaCES | ||
| 005 | 20141205113128.0 | ||
| 008 | 000000s2014 sp ||||| t||||||| ||spa d | ||
| 040 |
_aES-MaCES _bspa _cES-MaCES |
||
| 100 | 1 |
_911869 _aFernández García, José Francisco |
|
| 245 | 1 | 0 |
_aEquilibrio económico y revisión de precios en los contratos administrativos _cJosé Francisco Fernández García |
| 500 | _aResumen | ||
| 650 | 4 |
_927100 _aequilibrio económico |
|
| 650 | 4 |
_930243 _aajuste de prestaciones |
|
| 650 | 4 |
_928323 _acontratación |
|
| 650 | 4 |
_927214 _aadministración pública |
|
| 650 | 4 |
_928624 _ajurisprudencia |
|
| 653 | 1 | 0 | _aDerecho administrativo |
| 773 | 0 |
_982086 _dMadrid (Ignacio Ellacuría, 3, 28017) Civitas _o084990 _tRevista española de Derecho administrativo _w(ES-MaCES)25059 _gn. 163 (abr.-jun.[sic] 2014) {10039 R. 084990} ;p. 145-180 |
|
| 902 | _aART Artículo de revista | ||
| 942 |
_2CES _cAR _h6.0.2. |
||
| 999 |
_c45627 _d45627 |
||